000 00416nam a2200181Ia 4500
005 20240823010708.0
008 240823s9999||||xx |||||||||||||| ||und||
041 _aENGLISH
082 _A670.683 P0
100 _a"Bhadury,Bikash"
245 0 _aManaging the Workforce
250 _a1st
260 _c2000
_b"RB,New Delhi"
500 _aYES
650 _aworkforce
_bMechanical
942 _cBK
999 _c159388
_d159388